Návrh na zdokonalenie systému prijímania a adaptácie zamestnancov v spoločnosti Revol TT Consulting, s.r.o. Trnava

Saved in:
Bibliographic Details
Main Author: Opalek, Daniel (Author)
Other Authors: Čambál, Miloš (Thesis advisor)
Format: Manuscript Book
Language:Slovak
Published: 2025
Subjects:
Online Access:http://is.stuba.sk/zp/portal_zp.pl?podrobnosti=186260
Tags: Add Tag
No Tags, Be the first to tag this record!

MARC

LEADER 00000ntm a22000003a 4500
001 stuzp97941
003 SK-STU
005 20250614210507.6
007 ta
008 150427s2015----xo-----f-mn---000-0-slo-d
040 |a STU  |b slo 
041 0 |a slo 
100 1 |a Opalek, Daniel  |u 064000  |4 aut  |U MTF Materiálovotechnologická fakulta  |T MTF Ústav priemyselného inžinierstva a manažmentu  |X 97152  |U M4000  |Y 84  |7 97152 
242 0 1 |a Proposal for improving the hiring and adaptation system of employees in Revol TT Consulting, s.r.o. Trnava company  |y eng 
245 1 0 |a Návrh na zdokonalenie systému prijímania a adaptácie zamestnancov v spoločnosti Revol TT Consulting, s.r.o. Trnava 
260 |c 2025 
650 4 |a human resources management  |2 eng 
650 4 |a employee adaptation  |2 eng 
650 4 |a employee hiring  |2 eng 
650 4 |a adaptácia zamestnancov  |2 slo 
650 4 |a prijímanie zamestnancov  |2 slo 
650 4 |a manažment ľudských zdrojov  |2 slo 
700 1 |a Čambál, Miloš  |u 064000  |k Z1  |4 ths  |U MTF Materiálovotechnologická fakulta  |T MTF Ústav priemyselného inžinierstva a manažmentu  |X 279  |U M4000  |Y 84  |7 A000000279 
856 4 |u http://is.stuba.sk/zp/portal_zp.pl?podrobnosti=186260 
996 |c M* DP-15619  |l MMSKP  |s P  |a 0  |w stuzp97941_0001